UBT Library

Dental Management of the Medically Compromised Patient (Record no. 57585)

000 -LEADER
fixed length control field 00356nam a22001457a 4500
008 - FIXED-LENGTH DATA ELEMENTS--GENERAL INFORMATION
fixed length control field 210521b ||||| |||| 00| 0 eng d
020 ## - INTERNATIONAL STANDARD BOOK NUMBER
International Standard Book Number 9780323045353
041 ## - LANGUAGE CODE
Language code of text/sound track or separate title eng
080 ## - UNIVERSAL DECIMAL CLASSIFICATION NUMBER
Edition identifier 17th
Universal Decimal Classification number 616.31
082 ## - DEWEY DECIMAL CLASSIFICATION NUMBER
Classification number 616.31
100 ## - Rafti
Rafti 5
101 ## - Shkurtesa
Shkurtesa STO
245 ## - TITLE STATEMENT
Title Dental Management of the Medically Compromised Patient
Statement of responsibility, etc Little,J.W
942 ## - ADDED ENTRY ELEMENTS (KOHA)
Source of classification or shelving scheme
Item type Books
Holdings
Withdrawn status Lost status Source of classification or shelving scheme Damaged status Not for loan Collection code Permanent location Current location Shelving location Date acquired Total Checkouts Full call number Barcode Date last seen Price effective from Koha item type
          Koleksioni i përgjithshem UBT - Lipjan UBT - Lipjan Koleksioni i përgjithshem 05/21/2021   616.31 LIP 002-7002803 05/21/2021 05/21/2021 Books
UBT Library © 2015-2024. All rights reserved University Education for Business and Technology